Social and cultural mobility. (Record no. 3124)

000 -LEADER
fixed length control field 00749nam a22002411 4500
001 - CONTROL NUMBER
control field 4530149
003 - CONTROL NUMBER IDENTIFIER
control field OSt
005 - DATE AND TIME OF LATEST TRANSACTION
control field 20170105101209.0
008 - FIXED-LENGTH DATA ELEMENTS--GENERAL INFORMATION
fixed length control field 790809r1959 ilu 000 0 eng
010 ## - LIBRARY OF CONGRESS CONTROL NUMBER
LC control number 59013122
040 ## - CATALOGING SOURCE
Original cataloging agency DLC
Transcribing agency DLC
Modifying agency DLC
050 00 - LIBRARY OF CONGRESS CALL NUMBER
Classification number HM61
Item number .S6 1959
082 00 - DEWEY DECIMAL CLASSIFICATION NUMBER
Classification number 301.44
100 1# - MAIN ENTRY--PERSONAL NAME
Personal name Sorokin, Pitirim Aleksandrovich,
Dates associated with a name 1889-1968.
245 10 - TITLE STATEMENT
Title Social and cultural mobility.
260 ## - PUBLICATION, DISTRIBUTION, ETC.
Place of publication, distribution, etc. Glencoe, Ill.,
Name of publisher, distributor, etc. Free Press
Date of publication, distribution, etc. [1959]
300 ## - PHYSICAL DESCRIPTION
Extent 645 p.
Dimensions 22 cm.
500 ## - GENERAL NOTE
General note "Complete reprints of [the author's] Social mobility and chapter V from volume IV of Social and cultural dynamics."
650 #0 - SUBJECT ADDED ENTRY--TOPICAL TERM
Topical term or geographic name entry element Sociology.
650 #0 - SUBJECT ADDED ENTRY--TOPICAL TERM
Topical term or geographic name entry element Social history.
906 ## - LOCAL DATA ELEMENT F, LDF (RLIN)
a 7
b cbc
c orignew
d u
e ocip
f 19
g y-gencatlg
942 ## - ADDED ENTRY ELEMENTS (KOHA)
Source of classification or shelving scheme
Koha item type Book
Holdings
Withdrawn status Lost status Source of classification or shelving scheme Damaged status Not for loan Collection code Permanent Location Current Location Shelving location Date acquired Total Checkouts Full call number Barcode Date last seen Price effective from Koha item type
            Central Library (CL) Central Library (CL) General Stacks 05/16/2016   301.44 SOR S3H-N-402 05/16/2016 05/16/2016 Book
© 2023 Central Library, National University of Sciences and Technology. All Rights Reserved.